Building cost techniques : new directions /

Bibliographic Details
Corporate Authors: Association of Heads of Departments of Surveying in Polytechnics, Building Cost Research Conference
Other Authors: Brandon, P. S. (Peter S.)
Format: Conference Proceeding Book
Language:English
Published: London ; New York : E. & F.N. Spon, 1982.
Subjects:

MARC

Tag First Indicator Second Indicator Subfields
LEADER 00000pam a2200000 a 4500
001 in00000372000
005 20151011093214.0
008 820823s1982 enka b 10100 eng
010 |a  82016784  
020 |a 0419129405 
035 |a (OCoLC)08762422 
035 |9 ABQ9445AM 
039 0 |a 2  |b 3  |c 3  |d 3  |e 3 
040 |a DLC  |c DLC  |d TXA  |d UtOrBLW 
049 |a TXAM  |c [953951] 
050 0 0 |a TH435  |b .B844 1982 
082 0 |a 690/.068/1  |2 19 
245 0 0 |a Building cost techniques :  |b new directions /  |c edited by P.S. Brandon. 
264 1 |a London ;  |a New York :  |b E. & F.N. Spon,  |c 1982. 
300 |a ix, 476 pages :  |b illustrations ;  |c 24 cm. 
336 |a text  |b txt  |2 rdacontent 
337 |a unmediated  |b n  |2 rdamedia 
338 |a volume  |b nc  |2 rdacarrier 
500 |a "Transactions of Building Cost Research Conference sponsored by the Association of Heads of Departments of Surveying in Polytechnics, held at Portsmouth Polytechnic (Department of Surveying) 23rd - 25th September 1982"--P. v. 
504 |a Includes bibliographical references and index. 
650 0 |a Building  |x Estimates  |x Congresses. 
700 1 |a Brandon, P. S.  |q (Peter S.) 
710 2 |a Association of Heads of Departments of Surveying in Polytechnics. 
711 2 |a Building Cost Research Conference  |d (1982 :  |c Portsmouth Polytechnic) 
999 |a MARS 
999 f f |s 2554775d-c021-3a87-b869-95789eaa1a31  |i f9ed9350-5cc4-3994-8886-a9c33f83f7b3  |t 0 
952 f f |p ric  |a Texas A&M University  |b Rellis Campus  |c Joint Library Facility  |d Remote Storage  |t 0  |e TH435 .B844 1982  |h Library of Congress classification  |i unmediated -- volume  |m A14807524507 
998 f f |a TH435 .B844 1982  |t 0  |l Remote Storage